| 000 | 00876nam a2200277 i 4500 | ||
|---|---|---|---|
| 001 | 106056 | ||
| 003 | ES-MaACL | ||
| 005 | 20250727033925.0 | ||
| 007 | t| | ||
| 008 | 060925s1963 fr ||||1| fre d | ||
| 080 | _a141.82 | ||
| 080 | _a330.85 | ||
| 100 | 1 |
_aTrotsky, Leon, _d1879-1940 _9240350 |
|
| 245 | 1 | 0 |
_aTerrorisme et communisme : _b(l'anti-Kautsky) / _cpar L. Trotsky ; présentation par Alfred Rosmer. |
| 260 |
_aParis : _bUnion Générale, _c[1963] |
||
| 300 |
_a315 p. ; _c18 cm. |
||
| 490 | 1 |
_aMonde en 10/18 ; _v128-129 |
|
| 600 | 1 | 4 |
_aKautsky, Karl. _967661 |
| 650 | 4 |
_aTerrorismo. _917488 |
|
| 650 | 7 |
_aComunismo _2embne _911211 |
|
| 650 | 4 |
_aMarxismo. _914803 |
|
| 700 | 1 |
_aRosmer, Alfred. _999790 |
|
| 830 | 1 |
_aMonde en 10/18 ; _v128-129 _9177593 |
|
| 852 | 4 |
_aES-MaACL _jAND-830 _z- Biblioteca Juan Andrade |
|
| 999 |
_c106056 _d106056 |
||